Normal view
MARC view
- Turnbull, Joanna
Entry Personal Name
001 - CONTROL NUMBER
- control field: 33255
003 - CONTROL NUMBER IDENTIFIER
- control field: NUST
005 - DATE AND TIME OF LATEST TRANSACTION
- control field: 20201020150143.0
008 - FIXED-LENGTH DATA ELEMENTS
- fixed length control field: 201020|| aca||aabn | a|a d
040 ## - CATALOGING SOURCE
- Original cataloging agency: NUST
- Transcribing agency: NUST
100 ## - HEADING--PERSONAL NAME
- Personal name: Turnbull, Joanna
670 ## - SOURCE DATA FOUND
- Source citation: Work cat.: (NUST)528: Hornby, A. s. 33252, Oxford advanced learner's dictionary /, 2010.
